<?xml version="1.0" encoding="UTF-8"?><marc:collection xmlns:marc="http://www.loc.gov/MARC21/slim">
  <marc:record>
    <marc:leader>00000nam##2200000za#4500</marc:leader>
    <marc:controlfield tag="001">9.628234</marc:controlfield>
    <marc:controlfield tag="003">CaOODSP</marc:controlfield>
    <marc:controlfield tag="005">20210615105658</marc:controlfield>
    <marc:controlfield tag="007">ta</marc:controlfield>
    <marc:controlfield tag="008">150406|2009||||xxc|||||     f|0| 0 fre|d</marc:controlfield>
    <marc:datafield tag="022" ind1=" " ind2=" ">
      <marc:subfield code="a">0706-6589</marc:subfield>
    </marc:datafield>
    <marc:datafield tag="040" ind1=" " ind2=" ">
      <marc:subfield code="a">CaOODSP</marc:subfield>
      <marc:subfield code="b">fre</marc:subfield>
    </marc:datafield>
    <marc:datafield tag="043" ind1=" " ind2=" ">
      <marc:subfield code="a">n-cn---</marc:subfield>
    </marc:datafield>
    <marc:datafield tag="086" ind1="1" ind2=" ">
      <marc:subfield code="a">Fs97-4/2869F</marc:subfield>
    </marc:datafield>
    <marc:datafield tag="110" ind1="1" ind2=" ">
      <marc:subfield code="a">Canada. </marc:subfield>
      <marc:subfield code="b">Ministère des pêches et des océans.</marc:subfield>
    </marc:datafield>
    <marc:datafield tag="245" ind1="1" ind2="0">
      <marc:subfield code="a">Rapport d'ensemble de l'écosystème de la baie de Cocagne au Nouveau-Brunswick / </marc:subfield>
      <marc:subfield code="c">[par] J. Gauvin, A. Turcotte-Lanteigne et E. Ferguson. </marc:subfield>
    </marc:datafield>
    <marc:datafield tag="260" ind1=" " ind2=" ">
      <marc:subfield code="a">Moncton - Nouveau-Brunswick : </marc:subfield>
      <marc:subfield code="b">Pêches et Océans Canada </marc:subfield>
      <marc:subfield code="c">2009.</marc:subfield>
    </marc:datafield>
    <marc:datafield tag="300" ind1=" " ind2=" ">
      <marc:subfield code="a">ix, 147p. : </marc:subfield>
      <marc:subfield code="b">figures, glossaire, cartes (certaines en couleur), références, tableaux, photographies ; </marc:subfield>
      <marc:subfield code="c">28 cm.</marc:subfield>
    </marc:datafield>
    <marc:datafield tag="490" ind1="1" ind2=" ">
      <marc:subfield code="a">Rapport manuscrit canadien des sciences halieutiques et aquatiques</marc:subfield>
      <marc:subfield code="x">0706-6589</marc:subfield>
      <marc:subfield code="v">N° 2869</marc:subfield>
    </marc:datafield>
    <marc:datafield tag="520" ind1="3" ind2=" ">
      <marc:subfield code="a">Offre une vue d’ensemble du bassin versant de la baie de Cocagne située à l’est du Nouveau-Brunswick. Basé sur des informations recueillies en 2005-2006, il nous permet de comprendre le fonctionnement de l’écosystème de la baie de Cocagne dans son ensemble. Il présente également un portrait des pressions et menaces imposées sur cet écosystème par les activités humaines qui ont lieu dans la zone côtière à gérer et celles qui proviennent des terres adjacentes. Ce document servira d’outil aux gestionnaires, partenaires et intervenants tout au long du processus de gestion intégrée de la baie de Cocagne.</marc:subfield>
    </marc:datafield>
    <marc:datafield tag="546" ind1=" " ind2=" ">
      <marc:subfield code="a">(Abstract in English)</marc:subfield>
    </marc:datafield>
    <marc:datafield tag="563" ind1=" " ind2=" ">
      <marc:subfield code="a">Couverture souple</marc:subfield>
    </marc:datafield>
    <marc:datafield tag="590" ind1=" " ind2=" ">
      <marc:subfield code="a">09-20</marc:subfield>
      <marc:subfield code="b">2009-05-15</marc:subfield>
    </marc:datafield>
    <marc:datafield tag="720" ind1="1" ind2=" ">
      <marc:subfield code="a">Ferguson, E.</marc:subfield>
    </marc:datafield>
    <marc:datafield tag="720" ind1="1" ind2=" ">
      <marc:subfield code="a">Turcotte-Lanteigne, A.</marc:subfield>
    </marc:datafield>
    <marc:datafield tag="720" ind1="1" ind2=" ">
      <marc:subfield code="a">Gauvin, J.</marc:subfield>
    </marc:datafield>
    <marc:datafield tag="776" ind1="0" ind2="#">
      <marc:subfield code="t">Rapport d'ensemble de l'écosystème de la baie de Cocagne au Nouveau-Brunswick / </marc:subfield>
      <marc:subfield code="w">(CaOODSP)9.607244</marc:subfield>
    </marc:datafield>
    <marc:datafield tag="830" ind1="#" ind2="0">
      <marc:subfield code="a">Rapport manuscrit canadien des sciences halieutiques et aquatiques,</marc:subfield>
      <marc:subfield code="x">0706-6589</marc:subfield>
      <marc:subfield code="v">N° 2869</marc:subfield>
      <marc:subfield code="w">(CaOODSP)9.513050</marc:subfield>
    </marc:datafield>
  </marc:record>
</marc:collection>
